00487 2200205 4500001002100000005001500021035002000036008004100056245003700097100002200134250000600156260003600162300001100198084001400209082000800223650001000231520001600241990001200257990001200269INLIS00000000000048220240611121519 a0010-0424000458240611 1 ind 1 aPak Janggut /cAman DT. Majoindo aMajoindo, Aman DT a1 aJakarta :bBalai Pustaka,c2011 a64 hlm a813 AMA p a813 4aFiksi aPak Janggut a0728547 a0728548